Organic chemistry
Salvato in:
| Autore principale: | |
|---|---|
| Natura: | Libro |
| Lingua: | inglese |
| Pubblicazione: |
McGraw-Hill Education
2017
|
| Tags: |
Aggiungi Tag
Nessun Tag, puoi essere il primo ad aggiungerne!!
|
MARC
| LEADER | 00000nam a22000007a 4500 | ||
|---|---|---|---|
| 008 | 210427b ||||| |||| 00| 0 eng d | ||
| 020 | |a 978-1-259-25337-9 | ||
| 100 | |a CAREY, A. Francis. | ||
| 245 | |a Organic chemistry |c Francis A. Carey [and] Robert M. Giuliano. |g xxviii, 1155p.; ill. | ||
| 250 | |b 10th ed. | ||
| 260 | |b McGraw-Hill Education |c 2017 |h New York |i 691088 - |i 691089 |l QD251.2 .C18 |m Chemistry, Organic. | ||
| 500 | |a “It includes index”. | ||
| 942 | |a lcc |c BK |e Ogunmilade, F.T. |f 27/04/2021 | ||
| 952 | |0 0 |1 0 |2 lcc |4 0 |6 QD02512 C18 |7 0 |9 2371 |a HOL |b HOL |c QZ |d 2021-04-27 |l 0 |o QD251.2 .C18 |p 2021-6223 |r 2021-04-27 00:00:00 |w 2021-04-27 |y BK | ||
| 952 | |0 0 |1 0 |2 lcc |4 0 |6 QD02512 C18 |7 0 |9 2372 |a HOL |b HE |c QZ |d 2021-04-27 |l 0 |o QD251.2 .C18 |p 2021-6224 |r 2021-04-27 00:00:00 |w 2021-04-27 |y BK | ||
| 999 | |c 1224 |d 1224 | ||